Statistics for Riddles!

Click here to take the quiz!

General Stats

  • This quiz has been taken 32 times
  • The average score is 3 of 6

Answer Stats

RiddleAnswer% Correct
“I have a tail, a head, but no legs. I am probably with you now. What am I?”A coin
81%
“I am the beginning of the end, and the end of before.”The letter E
73%
“I have towns without people, forests without trees, and rivers without water. What am I?”A Map
65%
“I am an eye set in a blue face. My gaze feeds the world. If I go blind so does the world.”The Sun
58%
“What breathes, consumes, and grows, but was and never will be alive."Fire
31%
"Better old than young; the healthier it is, the smaller it will be."A wound
12%

Score Distribution

Percentile by Number Answered

Percent of People with Each Score

Your Score History

You have not taken this quiz